Taschenbuch Elektrotechnik : Band 6. Systeme der Elektroenergietechnik /
Gespeichert in:
| Weitere Verfasser: | |
|---|---|
| Format: | Buch |
| Sprache: | Deutsch |
| Veröffentlicht: |
Berlin :
VEB,
1985
|
| Tags: |
Keine Tags, Fügen Sie das erste Tag hinzu!
|
MARC
| LEADER | 00000nam a22000003a 4500 | ||
|---|---|---|---|
| 001 | stu85281 | ||
| 005 | 20150617225629.3 | ||
| 008 | 040325s1985------------------------ger-d | ||
| 040 | |a STU |b slo | ||
| 041 | 0 | |a ger | |
| 080 | |a 621.3(031) | ||
| 080 | |a 621.31/.36 | ||
| 100 | 1 | |a Philipov, E |4 com | |
| 245 | 1 | |a Taschenbuch Elektrotechnik : |b Band 6. Systeme der Elektroenergietechnik / |c Hrsg.: Philipov,E | |
| 260 | |a Berlin : |b VEB, |c 1985 | ||
| 300 | |a 915 s | ||
| 996 | |b E60382 |c E*60382 |l EE05 |s P |a 0 |w stu85281_0002 | ||